Obálka Náhled e-knihy:
PDF Epub
Pro půjčování e-knih musíte být přihlášeni.
Jak si půjčit online?

Levhart /

Detektivní román o stíhání a dopadení sadistického vraha se odehrává v současném Norsku.

Uloženo v:
Série:Harry Hole, část 8
Hlavní autor: Nesbø, Jo, 1960- (Autor)
Další autoři: Krištůfková, Kateřina, 1974- (Autor)
Médium: E-kniha
Jazyk:Czech
Vydáno: Zlín : Kniha Zlin, 2013
Vydání:Vyd. 1.
Edice:Fleet
Témata:
Příbuzné jednotky:Z cyklu:: Harry Hole
Tagy:
Žádné tagy
LEADER 02350cam a2200445 a 4500
001 312379
003 CZ PrSKC
005 20260601215721.0
007 ta
008 130726s2013 xr g 000 f cze
015 |a cnb002480019 
020 |a 9788074731105  |q (váz.) 
035 |a (OCoLC)870286516 
040 |a OLA001  |b cze  |d ABA001 
041 1 |a cze  |h nor 
072 7 |a 821.11  |x Germánské literatury  |2 Konspekt 
080 |a 821.113.5-31  |2 MRF 
080 |a (0:82-312.4)  |2 MRF 
100 1 |a Nesbø, Jo,  |d 1960-  |7 xx0037547  |4 aut 
240 1 0 |a Panserhjerte.  |l Česky  |7 aun20201074878 
245 1 0 |a Levhart /  |c Jo Nesbø ; [z norského originálu ... přeložila Kateřina Krištůfková] 
250 |a Vyd. 1. 
260 |a Zlín :  |b Kniha Zlin,  |c 2013 
300 |a 722 s. ;  |c 21 cm 
490 1 |a Fleet ;  |v sv. 48 
500 |a Na hřbetu označení: HH8 
520 2 |a Detektivní román o stíhání a dopadení sadistického vraha se odehrává v současném Norsku. 
520 2 |a Norským hlavním městem otřásl nález dvou žen i způsob jejich smrti. Obě totiž utonuly ve vlastní krvi. Oddělení vražd čelí záhadě - bodné rány ve tvářích obětí jsou četné, pravidelné, a navíc byly vedeny zevnitř úst. Jaká vražedná zbraň je mohla způsobit? Mladá kriminalistka Kaja Solnessová je vyslána do Hongkongu, aby přivedla zpět do Osla jediného člověka, který by mohl takový případ vyřešit - Harryho Holea. Nakladatelská anotace. Kráceno. 
655 7 |a norské romány  |7 fd132917  |2 czenas 
655 7 |a detektivní romány  |7 fd132010  |2 czenas 
655 9 |a Norwegian fiction  |2 eczenas 
655 9 |a detective novels  |2 eczenas 
700 1 |a Krištůfková, Kateřina,  |d 1974-  |7 js20030929005  |4 trl 
787 0 8 |i Z cyklu:  |t Harry Hole  |g 8  |w (CZ-CtDS)5e509c63-0de1-51a5-9f0d-edc5f1841bf4 
830 0 |a Fleet 
900 |a ABA001  |b 18 
044 |a xr 
910 |a RBIT002 
998 |d 404574  |a https://core.palmknihy.cz/api/books/404574/cover?sd0qgk  |b https://core.palmknihy.cz/api/books/404574/cover/400?sd0qgk  |c https://core.palmknihy.cz/api/books/404574/cover/50?sd0qgk  |e 2028-12-16  |g 722  |i 9788074731105  |j https://core.palmknihy.cz/api/books/404574/preview.epub  |k https://core.palmknihy.cz/api/books/404574/preview.pdf  |l   |q 49  |r 1  |s https://www.palmknihy.cz/kniha/404574  |t ebook  |y 2013  |z 0  |v Harry Hole  |w 8 
999 |d 312377